Estadísticas históricas de Colombia : (Registro nro. 5388)
[ vista simple ]
| 000 -LEADER | |
|---|---|
| fixed length control field | 01799nam a2200289Ia 4500 |
| 003 - CONTROL NUMBER IDENTIFIER | |
| control field | OSt |
| 005 - DATE AND TIME OF LATEST TRANSACTION | |
| control field | 20210107115131.0 |
| 008 - FIXED-LENGTH DATA ELEMENTS--GENERAL INFORMATION | |
| fixed length control field | 191128s1998 ck fr 000 0 spa d |
| 020 ## - INTERNATIONAL STANDARD BOOK NUMBER | |
| International Standard Book Number | 9586017869 |
| Qualifying information | Obra completa |
| 020 ## - INTERNATIONAL STANDARD BOOK NUMBER | |
| International Standard Book Number | 9586017850 |
| Qualifying information | v.1 |
| 020 ## - INTERNATIONAL STANDARD BOOK NUMBER | |
| International Standard Book Number | 9586017877 |
| Qualifying information | v.2 |
| 040 ## - CATALOGING SOURCE | |
| Original cataloging agency | CO-JMCR |
| Transcribing agency | CO-JMCR |
| 041 0# - LANGUAGE CODE | |
| Language code of text/sound track or separate title | spa |
| 082 04 - DEWEY DECIMAL CLASSIFICATION NUMBER | |
| Classification number | 330.021 / |
| Item number | D419e |
| Edition number | 23 |
| 110 1# - MAIN ENTRY--CORPORATE NAME | |
| Corporate name or jurisdiction name as entry element | Colombia. |
| Subordinate unit | Departamento Nacional de Planeación |
| 9 (RLIN) | 4087 |
| 245 10 - TITLE STATEMENT | |
| Title | Estadísticas históricas de Colombia : |
| Remainder of title | unidad de análisis macroeconómico / |
| Statement of responsibility, etc. | Departamento Nacional de Planeación |
| 250 ## - EDITION STATEMENT | |
| Edition statement | Primera edición |
| 260 ## - PUBLICATION, DISTRIBUTION, ETC. | |
| Place of publication, distribution, etc. | Bogotá : |
| Name of publisher, distributor, etc. | TM Editores : Departamento Nacional de Planeación, |
| Date of publication, distribution, etc. | 1998 |
| 300 ## - PHYSICAL DESCRIPTION | |
| Extent | 2 volúmenes ; |
| Dimensions | 27 cm. |
| 505 0# - FORMATTED CONTENTS NOTE | |
| Formatted contents note | Sector real -- Precios -- Indicadores monetarios y financieros -- Sector externo -- Finanzas públicas -- Sector laboral -- Población e indicadores sociales -- indicadores de violencia -- Comportamiento sectorial |
| 520 3# - SUMMARY, ETC. | |
| Summary, etc. | Este libro compila un gran número de estadísticas históricas económicas y sociales que han sido elaboradas por entidades estatales y privadas. Debe servir como herramienta de consulta para investigadores y analistas de la realidad nacional, así como para el público en general. Este compendio estadístico consta de nueve capítulo publicados en dos tomos con el fin de facilitar su manejo y lectura: el primero presenta las series de los diferentes sectores y principales agregados macroeconómicos de la economía. El segundo relaciona las series económicas por sectores. |
| 650 14 - SUBJECT ADDED ENTRY--TOPICAL TERM | |
| Topical term or geographic name entry element | Estadísticas económicas |
| Geographic subdivision | Colombia |
| 9 (RLIN) | 5576 |
| 650 14 - SUBJECT ADDED ENTRY--TOPICAL TERM | |
| Topical term or geographic name entry element | Indicadores económicos |
| Geographic subdivision | Colombia |
| 9 (RLIN) | 5577 |
| 650 14 - SUBJECT ADDED ENTRY--TOPICAL TERM | |
| Topical term or geographic name entry element | Estadísticas sociales |
| Geographic subdivision | Colombia |
| 9 (RLIN) | 5578 |
| 650 14 - SUBJECT ADDED ENTRY--TOPICAL TERM | |
| Topical term or geographic name entry element | Indicadores macroeconómicos |
| Geographic subdivision | Colombia |
| 9 (RLIN) | 5579 |
| 942 ## - ADDED ENTRY ELEMENTS (KOHA) | |
| Source of classification or shelving scheme | Dewey Decimal Classification |
| Koha item type | Books |
| Withdrawn status | Lost status | Source of classification or shelving scheme | Damaged status | Not for loan | Collection code | Home library | Current library | Date acquired | Source of acquisition | Cost, normal purchase price | Total Checkouts | Full call number | Barcode | Date last seen | Copy number | Koha item type | Price effective from |
|---|---|---|---|---|---|---|---|---|---|---|---|---|---|---|---|---|---|
| Dewey Decimal Classification | Non-fiction | Biblioteca Pública José María del Castillo y Rada | Biblioteca Pública José María del Castillo y Rada | 04/15/2018 | Donación | 0.00 | 330.021 / D419e | 430001798 | 05/16/2024 | V.2 / Ej.1 | Books | ||||||
| Dewey Decimal Classification | Non-fiction | Biblioteca Pública José María del Castillo y Rada | Biblioteca Pública José María del Castillo y Rada | 04/15/2018 | Donación | 0.00 | 330.021 / D419e | 430001799 | 05/16/2024 | V.1 / Ej.1 | Books | 01/07/2021 |